ミリオン非持ち、ハフミリ持ちボカロP - Statistics

General Stats
  • This quiz has been taken 129 times
    124 since last reset
  • The average score is 35 of 134
Answer Stats
P名 代表作 再生数(万再生)
投稿年
% Correct
youまん タイニーバニー 68 2020
61%
Aqu3ra ロンリーユニバース 74.5 2019
60%
Noz. ヘッジホッグ 78 2021
59%
卯花ロク 雁首、揃えてご機嫌よう 58 2020
52%
いるかアイス Brand New Day 62.7 2020
51%
マチゲリータP 崩壊歌姫 -disruptive diva- 81.1 2009
51%
フロクロ 黒塗り世界宛て書簡 95.3 2022
49%
きさら スターダストメドレー 64.5 2023
48%
Twinfield ONESELF 71.6 2022
48%
◈*ゆくえわっと 我が儘賛歌 89.3 2021
46%
なみぐる ずんだパーリナイ 88 2023
43%
HaTa 頓痴気乱痴気珍呑紀行 70.9 2016
43%
せきこみごはん ラストスコア 85.9 2021
42%
子牛 海のサーチライト 83 2022
41%
内緒のピアス プロポーズ 83 2023
40%
コメダワラ kick 80.7 2018
40%
TaKU.K ヘドニストの幸福な食卓 51.8 2017
40%
lumo パラレルレイヤー 86.8 2020
39%
SHIKI SETSUNA 72.6 2008
39%
ンバヂ 好きな惣菜発表ドラゴン 94.8 2023
38%
雄之助 PaⅢ.SENSATION 65.6 2016
38%
みやけ 不完全な処遇 61.8 2014
38%
夏山よつぎ ころしちゃった! 51.9 2024
38%
天月-あまつき- かいしんのいちげき! 97.7 2018
37%
やいり 影炎≒Variation 54.7 2013
37%
DATEKEN ワンルーム・オール・ザット・ジャズ 80.5 2012
37%
はりーP ぼくらのレットイットビー 58.4 2012
37%
Re:nG 貴方に花を 私に唄を 89.5 2008
37%
saiB バイビーベイビーサヨウナラ 97.2 2009
37%
Task キドアイラク 93.6 2016
37%
村人P ナキムシロボ 75 2013
36%
ネギシャワーP 泡沫未来 52.8 2021
36%
yamada ライカ 72.8 2016
36%
海茶 おどロボ 69.9 2023
34%
¿?shimon 偽物人間40号 64.5 2021
34%
Treow Chaining Intention 85.7 2008
34%
卑屈P 左右 -みぎひだり- 80.2 2010
33%
ぐちり オルソドクシア 67.5 2020
32%
STEAKA スコーピオンガールの貴重な捕食シーン 54.7 2022
32%
ちいたな 好きって言って 65 2019
31%
Capchii What's up? Pop! 54.7 2022
31%
のすけ バカ通信 95.9 2023
30%
ユギカ エウレカレプリカ 87.6 2023
30%
アオトケイ 夏崩レ片想ヒ 79.8 2015
30%
100回嘔吐 ごめんごめん 54 2020
30%
レタスP lllトゥルティンアンテナlll 97.9 2012
30%
にとぱん ミクがネギを背負ってやって来る 96.7 2016
29%
伊東歌詞太郎 さよならだけが人生だ 91.1 2015
29%
あめのむらくもP 他人事の音がする 62.3 2018
29%
ライブP マイリスダメー! 51.9 2010
29%
オゾン しっくおぶはうす! 52 2021
28%
seeeeecun ローファイ・タイムズ 54.4 2017
28%
tilt エレクトロサチュレイタ 69.2 2013
28%
薄塩指数 だめにんげんだ! 86.5 2019
27%
パトリチェフ エンゼルフィッシュ 82.5 2013
27%
雨乃こそあど 死人舞踏会 78.1 2020
27%
MARUDARUMA ニビョウカン 96.1 2012
27%
カジャ アンクローズ・ヒューマン 84 2019
26%
真島ゆろ チチンプイプイ 68.2 2020
26%
ざにお ボカラン詐欺 67.7 2009
26%
666 ダヴィンチの告白 57.5 2013
26%
乙P オマーン湖 70.1 2010
26%
ナノリータP 理想絵図 80.1 2011
24%
ダルビッシュP Call of Justice 79.3 2016
24%
すずきP 魔女 65.2 2011
24%
ヘリP 風待ちハローワールド 55.6 2012
24%
花束P さよならのかわりに、花束を 52.7 2009
24%
奏音69 クイーンオブハート 71.6 2014
23%
裏コマンダーP ○○は受信機なんです 88.3 2008
23%
一億円P chocolate box 71.8 2015
23%
うしろめたさP 16ビットガール 67.4 2013
23%
クリスタルP erase or zero 56.3 2008
23%
seleP Chloe 71.5 2010
23%
てぃあら ねがい 83.7 2014
22%
えこ。 トウキョウト・ロック・シティ 80.4 2009
22%
灯油 Delusion Girl 77.1 2017
22%
チームカミウタ 爾今の洋洋この蛍光にあり 58.3 2012
22%
ろーある 感情ディシーブ 56.4 2022
22%
レフティーモンスターP ホシアイ 74.6 2012
22%
ゆにめもP プリティふんどし☆悪マレン 50.2 2009
22%
クリーム市長 マリオネット 85.7 2008
21%
ヒャダイン Choose Me 64.8 2010
21%
ジェル ユーモアチャンス! 51.1 2017
21%
bibuko クレヨン 78.1 2012
21%
におP rain stops, good-bye 64.3 2008
21%
フェイP 幻奏歌 58.4 2012
21%
めんでぇP Sweet's Beast 50.1 2010
21%
勇魚 メンヘラじゃないもん! 68.8 2020
20%
ふじを 我儘姫 65.4 2021
20%
小川大輝 by your side 63.1 2014
20%
タカノン だってだってだって 56 2011
20%
mayuko 送墓唄 74.3 2010
20%
謝謝P 永遠花火 57.8 2009
20%
パワーコードP ナイフ 51.8 2010
20%
REISAI 浴槽とネオンテトラ 53 2021
20%
ゴボウメン 現実的論理主義者 66.7 2012
19%
青木月光 夢と葉桜 66.1 2011
18%
しとお 戯言の雑音 55.1 2018
18%
citrus なんてね 51.2 2016
18%
KTKT ゴーストストレイト 54.4 2014
18%
millstones カガリビト 70.2 2011
18%
モジャP 鏡音八八花合戦 87.9 2009
18%
畳P タイムリミット 53.2 2007
18%
吐息 どろどろ 55.6 2021
17%
まこ猫 わたしライス定食たべにきた 50.1 2011
17%
FLG4 ハツコイソウ 58.9 2021
17%
KAZU-k リア充爆発しろ! 78.6 2009
17%
out of service M'AIDER遭難ガール 69.7 2013
17%
おやつP 俺のロードローラーだッ! 95.1 2008
17%
若干P サボテンと蜃気楼 50.1 2010
17%
ぽてんしゃる0 不毛! 59.2 2013
16%
LOLI.COM ブレイクアウト! 64.7 2008
16%
PENGUINS PROJECT チョコレート・トレイン 51.5 2008
16%
かぴたろう 恐山ル・ヴォワール 83.6 2010
14%
玉木ちんたら めめめめめ 65.3 2014
14%
キュー サヨナラ!!ウイルス 56.9 2023
14%
かんてゐく 愛執染着 50.8 2021
14%
Maki 正義粉砕 61.6 2011
14%
ジュンP ココロ・キセキ 75.9 2008
14%
EO 8番出口 57.4 2023
13%
新城P Pane dhiria 82.7 2010
13%
古墳P 少女未遂 54.5 2011
13%
ちょむP パンツ脱げるもん! 53.7 2010
13%
テンネン ハイハハイニ 57.1 2009
12%
ひなた春花 ナゾトキ 55.4 2010
11%
kaoling 神の名前に堕ちる者 51.1 2010
11%
ざわざわP かこめかこめ 54.4 2009
11%
ひらうみ ずんだもんの朝食 〜目覚ましずんラップ〜 69.3 2022
10%
ヘルニア 取り柄のないクズだって生きてていいだろが 65.8 2017
10%
Bumpyうるし 紲月歌 64.7 2011
10%
Kouhei アウト オブ エデン 55.4 2010
10%
すいっち シニタイちゃん 53.5 2014
8%
彩音~xi-on~ サラリーマンのうた 76.6 2008
8%
れすぽん 45秒 88.9 2013
7%
No matching quizzes found
Score Distribution
Percent of People with Each Score
Percentile by Number Answered
Your Score History
You have not taken this quiz since the last reset